000
00263nam a22000977a 4500
005
20250901165418.0
008
210325b ||||| |||| 00| 0 eng d
050
_a
HF5823 .S53 2009
245
_a
ADVERTISING AND PROMOTIONS AN IMC PERSPECTIVE
_c
SHAH, KRUTI
942
_2
lcc
999
_c
3546
_d
3546